福岡県の戦前市制・町制 - Statistics

General Stats
  • This quiz has been taken 114 times
  • The average score is 57 of 98
Answer Stats
施行日 施行内容 所属郡 回答 % Correct
1889.04.01 市制 (市) 福岡市
98%
1889.04.01 市制 (市) 久留米市
96%
1899.04.01 市制 (市) 門司市
94%
1900.04.01 市制 (市) 小倉市
92%
1917.03.01 市制 (市) 八幡市
90%
1924.09.01 市制 (市) 戸畑市
90%
1917.03.01 市制 (市) 大牟田市
88%
1932.01.01 市制 (市) 飯塚市
88%
1901.09.15 町制 糸島郡 前原町
86%
1914.04.01 市制 (市) 若松市
86%
1889.04.01 町制 鞍手郡 直方町
84%
1889.04.01 町制 穂波郡 飯塚町
84%
1889.04.01 町制 三池郡 大牟田町
84%
1889.04.01 町制 京都郡 行橋町
84%
1899.06.10 町制 遠賀郡 戸畑町
84%
1889.04.01 町制 企救郡 小倉町
82%
1894.08.01 町制 企救郡 門司町
82%
1900.02.10 町制 遠賀郡 八幡町
82%
1891.02.01 町制 遠賀郡 若松町
80%
1892.09.13 町制 御笠郡 太宰府町
80%
1942.05.13 町制 築上郡 吉富町
80%
1940.02.11 町制 遠賀郡 水巻町
78%
1943.02.11 町制 糟屋郡 香椎町
78%
1943.11.03 市制 (市) 田川市
78%
1889.04.01 町制 三潴郡 大川町
76%
1897.06.04 町制 宗像郡 津屋崎町
76%
1909.04.01 町制 宗像郡 福間町
76%
1889.04.01 町制 上毛郡 宇島町
73%
1924.08.01 町制 京都郡 苅田町
73%
1889.04.01 町制 夜須郡 甘木町
71%
1895.08.27 町制 御笠郡 二日市町
71%
1898.06.25 町制 宗像郡 赤間町
71%
1907.04.01 町制 田川郡 後藤寺町
71%
1915.01.01 町制 八女郡 羽犬塚町
71%
1931.02.01 市制 (市) 直方市
71%
1889.04.01 町制 上妻郡 福島町
67%
1889.04.01 町制 山門郡 柳河町
67%
1927.01.01 町制 糟屋郡 篠栗町
67%
1889.04.01 町制 生葉郡 吉井町
65%
1889.04.01 町制 竹野郡 田主丸町
65%
1939.02.17 町制 糟屋郡 志免町
65%
1943.02.11 町制 鞍手郡 若宮町
65%
1920.10.20 町制 糟屋郡 宇美町
63%
1938.04.17 町制 糟屋郡 古賀町
63%
1940.04.17 町制 嘉穂郡 桂川町
63%
1891年 町制 遠賀郡 芦屋町
59%
1889.04.01 町制 三池郡 三池町
57%
1889.04.01 町制 上毛郡 八屋町
55%
1912.04.01 町制 田川郡 添田町
55%
1918.12.13 町制 遠賀郡 折尾町
55%
1939.02.14 町制 朝倉郡 杷木町
55%
1889.04.01 町制 糟屋郡 箱崎町
53%
1898.07.22 町制 田川郡 香春町
53%
1898.09.02 町制 鞍手郡 木屋瀬町
53%
1926.04.01 町制 鞍手郡 宮田町
53%
1938.08.15 町制 田川郡 川崎町
53%
1939.01.01 町制 田川郡 糸田町
53%
1889.04.01 町制 早良郡 西新町
51%
1893.01.10 町制 早良郡 姪浜町
51%
1897.04.23 町制 遠賀郡 黒崎町
51%
1928.01.01 町制 鞍手郡 小竹町
51%
1892.01.18 町制 嘉麻郡 大隈町
49%
1916.07.28 町制 田川郡 金田町
49%
1900.05.31 町制 三潴郡 城島町
47%
1914.01.01 町制 田川郡 伊田町
47%
1889.04.01 町制 上妻郡 黒木町
45%
1898.09.02 町制 築上郡 椎田町
45%
1908.12.01 町制 企救郡 大里町
45%
1925.10.01 町制 宗像郡 東郷町
45%
1889.04.01 町制 山門郡 上瀬高町
43%
1889.04.01 町制 山門郡 下瀬高町
43%
1901.04.09 町制 三井郡 北野町
43%
1943.02.11 町制 京都郡 犀川町
43%
1893.12.27 町制 夜須郡 秋月町
41%
1917.10.01 町制 企救郡 企救町
41%
1939.11.03 町制 田川郡 赤池町
41%
1941.04.17 町制 嘉穂郡 稲築町
41%
1889.04.01 町制 御井郡 御井町
39%
1918.01.01 町制 嘉穂郡 幸袋町
39%
1941.04.17 町制 嘉穂郡 碓井町
39%
1940.02.11 町制 三井郡 善導寺町
37%
1931.04.01 町制 遠賀郡 香月町
35%
1934.04.01 町制 企救郡 曽根町
35%
1906.05.02 町制 宗像郡 神湊町
33%
1912.10.01 町制 三池郡 三川町
33%
1922.10.01 町制 企救郡 板櫃町
33%
1939.02.11 町制 三潴郡 大善寺町
33%
1924.09.01 町制 嘉穂郡 熊田町
31%
1932.09.01 町制 嘉穂郡 二瀬町
31%
1938.04.17 町制 三池郡 駛馬町
31%
1940.04.17 町制 筑紫郡 那珂町
31%
1894.07.21 町制 山本郡 草野町
29%
1913.10.01 町制 筑紫郡 堅粕町
29%
1922.08.01 町制 三井郡 国分町
29%
1922.11.01 町制 遠賀郡 長津町
29%
1911.05.31 町制 筑紫郡 住吉町
27%
1912.10.01 町制 筑紫郡 千代町
27%
1900.03.14 町制 鞍手郡 植木町
20%
No matching quizzes found
Score Distribution
Percent of People with Each Score
Percentile by Number Answered
Your Score History
You have not taken this quiz